[Event "Cammeray Norths CC op"]
[Site "Cammeray"]
[Date "2010.01.09"]
[Round "7"]
[White "Heimburger, Norbert"]
[Black "Hannagan, Peter K"]
[Result "0-1"]
[WhiteElo "1457"]
[BlackElo "1375"]
[PlyCount "60"]
[EventDate "2010.01.02"]
[EventType "swiss"]
[EventRounds "7"]
[EventCountry "AUS"]
[SourceTitle "EXT 2011"]
[Source "ChessBase"]
[SourceDate "2010.11.26"]
[SourceVersion "1"]
[SourceVersionDate "2010.11.26"]
[SourceQuality "1"]

1. e4 e5 2. Nf3 Nc6 3. Bb5 Bc5 4. 0-0 Qf6 5. a3 Nge7 6. Bc4 d6 7. c3 Bg4 8. d3 Bxf3 9. gxf3 Ng6 10. Kh1 Nh4 11. Nd2 0-0-0 12. Qe2 h6 13. b4 Bb6 14. a4 a6 15. b5 axb5 16. axb5 Na5 17. Bb2 Nxc4 18. dxc4 g5 19. Qd3 h5 20. Qd5 Qe6 21. Ra8+ Kd7 22. Rxd8+ Rxd8 23. Qxb7 Qh3 24. Qc6+ Ke7 25. Rg1 Bxf2 26. Rxg5 Nxf3 27. Rg2 Bb6 28. Ba3 Nxd2 29. Rxd2 Qf3+ 30. Rg2 Qf1+ 0-1